1916 1590 1897 1605 1174 1372 1533 1379 1616 1766 1805 1734 1376 1251 1702 1822 1700 1361 1194 1853 1184 1661 1804 1235 1738 1909 1582 1461 1324 1083 1543 1644 1316 1839 1972 1879 1917 1873 1580 1140 1109 1861 1691 1649 1033 1041 1637 1819 1691 1464 1349 1818 1883 1986 1799 1781 1174 1599 1963 1881 1979 1573 1609 1569 1049 1963 1375 1664 1471 1720 1775 1177 1141 1815 1022 1100 1619 1617 1064 1527 1218 1512 1269 1850 1825 1009 1068 1549 1963 1313 1059 1987 1086 1906 1789 1265 1922 1600 1954 BCNSPRNW ULIB Ver.6.0+V

เปลี่ยนเป็นภาษาไทย

Change to English
 แสดงรายละเอียดบรรณานุกรม
  กลับหน้าหลัก

Brief Record : Get Marc (ISO 2709) : E-mail record : QR code < ปิดหน้าต่าง
LEADER : 00000nam 2200000uu 4500
001    13399127323
003     ULIB
008    200420s2562||||th 000 0 tha d
020    ^a9786168122068
060    ^aWG100^bC545
245    ^aCHOC: Comprehensive hemodynamic optimization in critically ill patients./^cบรรณาธิการ. เพชร วัชรสินธุ์, ครรชิต ปิยะเวชวิรัตน์, อรรณพ พิริยะแพทย์สม, และสัณฐิติ โมรากุล
250    ^aพิมพ์ครั้งที่ 1
260    ^aกรุงเทพฯ :^bสมาคมเวชบำบัดวิกฤตแห่งประเทศไทย,^c2562
300    ^a728 หน้า :^bตาราง ;ภาพประกอบ^c21 ซม.
650    ^aระบบหัวใจและหลอดเลือด - - การดูแล
945    ^p500^l0^i006854
945    ^p500^l0^i006855
945    ^p500^l0^i006856
945    ^p500^l0^i006857
945    ^p500^l0^i006858
999    ^aประนอม เกษจรัล
รายการนี้ยังไม่มีแท็ก
คุณยังไม่ได้ล็อกอิน คุณสามารถมีกิจกรรมร่วมกับเว็บไซต์ได้ แต่ต้องล็อกอินก่อน ::
  ล็อกอิน

รายการสื่อสารสนเทศ

ลำดับที่ ประเภท เลขเรียก/บาร์โค้ด สถานที่ สถานะ
1. วิทยาศาสตร์การแพทย์ และสุขภาพ
หนังสือสำรอง
สถานะ=หนังสือสำรอง
WG100 C545 ฉ.1 
  Barcode: 006854
ห้องสมุดวิทยาเขตสวรรค์ประชารักษ์
►หนังสือทั่วไป
บนชั้น
2. วิทยาศาสตร์การแพทย์ และสุขภาพ
วิทยาศาสตร์การแพทย์ และสุขภาพ
WG100 C545 ฉ.2 
  Barcode: 006855
ห้องสมุดวิทยาเขตสวรรค์ประชารักษ์
►หนังสือทั่วไป
บนชั้น
3. วิทยาศาสตร์การแพทย์ และสุขภาพ
วิทยาศาสตร์การแพทย์ และสุขภาพ
WG100 C545 ฉ.3 
  Barcode: 006856
ห้องสมุดวิทยาเขตสวรรค์ประชารักษ์
►หนังสือทั่วไป
บนชั้น
4. วิทยาศาสตร์การแพทย์ และสุขภาพ
วิทยาศาสตร์การแพทย์ และสุขภาพ
WG100 C545 ฉ.4 
  Barcode: 006857
ห้องสมุดวิทยาเขตสวรรค์ประชารักษ์
►หนังสือทั่วไป
ถูกยืม กำหนดส่งวันที่ 8 มีนาคม 2567
  จอง
5. วิทยาศาสตร์การแพทย์ และสุขภาพ
วิทยาศาสตร์การแพทย์ และสุขภาพ
WG100 C545 ฉ.5 
  Barcode: 006858
ห้องสมุดวิทยาเขตสวรรค์ประชารักษ์
►หนังสือทั่วไป
บนชั้น

รายการใกล้เคียง
    หัวเรื่อง [ระบบหัวใจและหลอดเลือด - - การดูแล]

BibComment


ยังไม่เคยถูกคอมเมนท์

คอมเมนท์ทรัพยากรรายการนี้
  คอมเมนท์: CHOC Comprehensi..


 Copyright 2026. Bcnsprnw @Library